01625nam a2200277 a 450000100060000000300080000600500170001400800410003103500190007203500110009104000180010204100080012008200260012824500970015426000520025130000210030365000340032494200120035899900170037095201640038795201640055195201640071595201640087995201520104395201520119546722BD-RjUL20211209054209.0160803s1959 pk 000 0 eng d a(BD-RjUL)46841 a780906 aANLbengcANL aeng a340.3095491bREP 195904aThe report of the law reform commission 1958-59 /cGovernment of Pakistan. Ministry of Law. aKarachi :bGovernment of Pakistan Press,c1959. a145 p. ;c24 cm. aLaw reform zPakistan9142412 2ddccBK c46722d46722 00102ddc40708NFICaRUCLbRUCLcStackd1963-02-15eNew Mohiuddin and sons, Rajshahig5.00l0o340.3095491 REP 1959r2016-08-03 00:00:00tC-2w2016-08-03yBK 00102ddc40708NFICaRUCLbRUCLcStackd1963-02-15eNew Mohiuddin and sons, Rajshahig5.00l0o340.3095491 REP 1959r2016-08-03 00:00:00tC-3w2016-08-03yBK 00102ddc40708NFICaRUCLbRUCLcStackd1963-02-15eNew Mohiuddin and sons, Rajshahig5.00l0o340.3095491 REP 1959r2016-08-03 00:00:00tC-4w2016-08-03yBK 00102ddc40708NFICaRUCLbRUCLcStackd1963-02-15eNew Mohiuddin and sons, Rajshahig5.00l0o340.3095491 REP 1959r2016-08-03 00:00:00tC-5w2016-08-03yBK 00102ddc40708NFICaRUCLbRUCLcStackd1967-04-08eKarachi : S.M. Mirzag5.00l0o340.3095491 REP 1959r2016-08-06 00:00:00tC-6w2016-08-06yBK 00102ddc40708NFICaRUCLbRUCLcStackd1967-04-08eKarachi : S.M. Mirzag5.00l0o340.3095491 REP 1959r2016-08-06 00:00:00tC-7w2016-08-06yBK